[Event "Helmond Rapid op"]
[Site "Helmond"]
[Date "2023.06.10"]
[Round "4"]
[White "Hendriks, Tobias"]
[Black "Graafmans, Pascal"]
[Result "1-0"]
[WhiteElo "2096"]
[BlackElo "1859"]
[PlyCount "79"]
[EventDate "2023.06.10"]
[EventType "swiss (rapid)"]
[EventRounds "9"]
[EventCountry "NED"]
[SourceTitle "CBM 214 Extra"]
[Source "ChessBase"]
[SourceDate "2023.07.31"]
[SourceVersion "1"]
[SourceVersionDate "2023.07.31"]
[SourceQuality "1"]

1. e4 e5 2. Nf3 Nc6 3. Bb5 d6 4. d4 exd4 5. Nxd4 Bd7 6. 0-0 Nxd4 7. Bxd7+ Qxd7 8. Qxd4 Nf6 9. Re1 Be7 10. Nc3 0-0 11. Bg5 h6 12. Bh4 Rfe8 13. Rad1 a6 14. e5 Nh7 15. Bg3 Rad8 16. h3 Bf8 17. exd6 Rxe1+ 18. Rxe1 Bxd6 19. Bxd6 Qxd6 20. Qxd6 Rxd6 21. Re7 Nf6 22. Rxc7 b5 23. Re7 b4 24. Na4 Rd1+ 25. Kh2 Rd2 26. Rb7 Rxc2 27. Rxb4 Rxf2 28. Rb6 Nd5 29. Rxa6 Ne3 30. Kg3 Rc2 31. b4 Rxa2 32. b5 Ra3 33. Nc5 Rc3 34. Ne4 Rb3 35. Ra8+ Kh7 36. Rb8 f5 37. Nc5 Rb4 38. Nd7 Rd4 39. Nf8+ Kg8 40. Ne6+ 1-0